| 000 | 00371nam a2200145Ia 4500 | ||
|---|---|---|---|
| 008 | 230917s9999||||xx |||||||||||||| ||und|| | ||
| 040 |
_e151903 _aMAIN |
||
| 041 | _aEnglish | ||
| 082 | _a891.2109 R128P | ||
| 100 | _aRaghuvansh | ||
| 245 | 0 | _aPrakriti aur kavya: Sanskrit sahitya | |
| 260 |
_aDelhi _bNational Publishing House _c1963 |
||
| 300 | _a442 p. | ||
| 942 | _cBK | ||
| 999 |
_c219053 _d219053 |
||